LEADER 01325nam a2200277 i 4500 001 000000133391 003 CaOOAMICUS 005 20090724000000.0 008 090724s2004 it u000 u ita u 013 $a106410 020 $a88-209-7605-6 040 $aSeMil$bita 100 1 $aMathieu, Patrice.$0(OLS)http://semarc/name/54713 240 10$aPaul 6., maïtre spirituel.$0(OLS)http://semarc/title/195499 245 10$aPaolo 6., Maestro Spirituale /$cPatrice Mathieu ; presentazione dell'ed. italiana di S.E. Mons. Pasquale Macchi ; prefazione di Daniel Ange. 260 $aCittà del Vaticano :$bLibreria Editrice Vaticana,$cCopyr. 2004. 300 $a191 p. ;$c23 cm. 650 4$aPaolo VI - Spiritualità.$0(OLS)http://semarc/subject/26158 700 1 $aAnge, Daniel <1932->.$0(OLS)http://semarc/name/1265 700 1 $aMacchi, Pasquale,$c.$0(OLS)http://semarc/name/8862 850 $aSeMil 852 $aSeMil$W1$xVenegono$y1$m2A III 129$j87234$B87234$CSeMilBibl$Z2$F92494 $81 961 $aAcquisto: Mescat 996 $6020$a88-209-7605-6$9(OLS)http://semarc/number/120520 996 $6245$aPaolo 6., Maestro Spirituale$9(OLS)http://semarc/title/195498 996 $6260$aCittà del Vaticano :$bLibreria Editrice Vaticana$9(OLS)http://semarc/publisher/29734 LEADER 01268nam a2200229 i 4500 001 000000195208 003 CaOOAMICUS 005 20230321145552.0 008 101203s1811 it u000 u ita u 026 $aune- i.se l-he cibl (3) 1811 (A) 040 $aSeMil$bita 100 1 $aF.B. .$0(OLS)http://semarc/name/70849 245 10$aDella libertà della Chiesa gallicana e di altre materie delle quali piu comunemente oggi si parla. Operetta dell'abate dottore F. B. milanese per istruzione dei meno istrutti. 260 $aMilano :$bdalla Tipografia di Candido Buccinelli nella Contrada di S. Margherita,$c1811. 300 $a[4], 55, [3] p. ;$c8°. 700 1 $aBuccinelli, Candido,$c.$0(OLS)http://semarc/name/6915 773 0 $t[Miscellanea.$w()24050 850 $aSeMil 852 $aSeMil$W1$xVenegono$y1$m5A I 3/8 FA$j145777$B145777$CSeMilBibl$Z2$F157321 $8I 996 $6245$aDella libertà della Chiesa gallicana e di altre materie delle quali piu comunemente oggi si parla. Operetta dell'abate dottore F. B. milanese per istruzione dei meno istrutti$9(OLS)http://semarc/title/281584 996 $6260$aMilano :$bdalla Tipografia di Candido Buccinelli nella Contrada di S. Margherita$9(OLS)http://semarc/publisher/50717